Score 0/24 Timer 04:00
0 Plays Today
Hint Answer % Correct
TeenNinja
96.7%
ManDead
96.1%
KidHoney
95.8%
TeenOuter
91.1%
ManSpider
90.2%
WomanLoves
89.2%
KidSundance
86.6%
ManIron
86.2%
KidWimpy
84.4%
KidSpy
82.1%
TeenDie
81.1%
TeenAnother
79.7%
Hint Answer % Correct
ManKnew
77.7%
KidKarate
74.9%
ManGun
68%
WomanScent
67.9%
KidRight
67.9%
WomanAttack
56%
WomanBlack
50.7%
WomanFrench
48.1%
TeenConfessions
40.6%
ManShe's
34.5%
WomanDrink
21.3%
TeenBad
6.6%

Today's Daily Dose

Missing Word
'T' Pairs

Word Ladder
Game Pieces

Get the Picture
Baseball Movies

Remove Ads.
Support Sporcle.
Get the best of Sporcle when you Go Orange. This ad-free experience offers more features, more stats, and more fun while also helping to support Sporcle. Thank you for becoming a member.

You're not logged in!

Compare scores with friends on all Sporcle quizzes.
OR
Log In

Show Comments

Extras

Top Quizzes Today


Score Distribution

Your Account Isn't Verified!

In order to create a playlist on Sporcle, you need to verify the email address you used during registration. Go to your Sporcle Settings to finish the process.

Report this User

Report this user for behavior that violates our Community Guidelines.

Details: